| 000 | 01275nam a22003617a 4500 | ||
|---|---|---|---|
| 003 | CHAP | ||
| 005 | 20220329135251.0 | ||
| 008 | 971013s1986 r 00010 d | ||
| 010 | _a33517 | ||
| 011 | _a34489 | ||
| 035 | _a38605 | ||
| 040 | _cCHAP | ||
| 090 | _aFolleto 10713 | ||
| 100 | 0 | 0 |
_aObschatko, E. S. de. _982583 |
| 245 |
_aPolítica tecnológica agropecuaria y desarrollo del sector privado _b: el caso de la región pampeana Argentina |
||
| 260 |
_aLa Haya : _bServicio Internacional para la Investigación Agrícola Nacional, _c1986 |
||
| 300 | _a59 p. | ||
| 490 |
_aSer. PAGRO _v; 9 |
||
| 590 |
_aBATCH-UPD _b10 _c20130110 _lUCH01 _h0010 |
||
| 590 |
_aBATCH-UPD _b10 _c20130110 _lUCH01 _h1006 |
||
| 590 |
_aBATCH-UPD _b10 _c20130409 _lUCH01 _h1947 |
||
| 590 |
_aBATCH-UPD _b10 _c20130410 _lUCH01 _h0616 |
||
| 590 |
_aBATCH-UPD _b10 _c20130913 _lUCH01 _h2003 |
||
| 590 |
_aBATCH-UPD _b10 _c20130914 _lUCH01 _h1849 |
||
| 590 |
_aCONVERSION _b10 _c20130109 _lUCH01 _h1319 |
||
| 650 | 1 | 4 |
_aAgricultura _xArgentina. _91191 |
| 650 | 1 | 4 |
_aAgricultura _xInnovaciones tecnológicas. _91565 |
| 650 | 1 | 4 |
_aPolítica agrícola _xArgentina. _990288 |
| 830 | 0 |
_aSer. PAGRO _v; 9 _9104525 |
|
| 901 | _aBK | ||
| 942 | _cFOLL | ||
| 949 |
_aFolleto 10713 _bBC _cFOLL _d-88245 _eTS1 _i38605 _si |
||
| 999 |
_c33517 _d33517 |
||